[Event "Bern op"]
[Site "Bern"]
[Date "2004.02.14"]
[Round "5"]
[White "Heinatz, Maria"]
[Black "Dimitrijevic, Slobodan"]
[Result "1/2-1/2"]
[WhiteElo "1800"]
[BlackElo "1584"]
[PlyCount "24"]
[EventDate "2004.02.??"]
[EventType "swiss"]
[EventRounds "7"]
[EventCountry "SUI"]
[SourceTitle "EXT 2005"]
[Source "ChessBase"]
[SourceDate "2004.11.15"]
[SourceVersion "1"]
[SourceVersionDate "2004.11.15"]
[SourceQuality "1"]

1. e4 c5 2. Nf3 a6 3. c4 Nc6 4. d4 cxd4 5. Nxd4 Nf6 6. Nc3 e5 7. Nb3 Bb4 8. Bd3 Bxc3+ 9. bxc3 0-0 10. 0-0 d6 11. f4 Bg4 12. Qe1 exf4 1/2-1/2

[Event "Bern op"]
[Site "Bern"]
[Date "2004.02.12"]
[Round "2"]
[White "Dimitrijevic, Slobodan"]
[Black "Bosshardt, Alfred"]
[Result "1/2-1/2"]
[WhiteElo "1584"]
[BlackElo "1841"]
[PlyCount "27"]
[EventDate "2004.02.??"]
[EventType "swiss"]
[EventRounds "7"]
[EventCountry "SUI"]
[SourceTitle "EXT 2005"]
[Source "ChessBase"]
[SourceDate "2004.11.15"]
[SourceVersion "1"]
[SourceVersionDate "2004.11.15"]
[SourceQuality "1"]

1. e4 c6 2. d4 d5 3. e5 Bf5 4. g4 Bg6 5. h4 h5 6. g5 e6 7. Bd3 Bxd3 8. Qxd3 g6 9. Ne2 Qb6 10. Rh3 Nd7 11. Rf3 c5 12. c3 cxd4 13. cxd4 Ne7 14. Ng3 1/2-1/2

[Event "Bern op"]
[Site "Bern"]
[Date "2004.02.12"]
[Round "1"]
[White "Peier, Hans"]
[Black "Dimitrijevic, Slobodan"]
[Result "1-0"]
[WhiteElo "2100"]
[BlackElo "1584"]
[PlyCount "41"]
[EventDate "2004.02.??"]
[EventType "swiss"]
[EventRounds "7"]
[EventCountry "SUI"]
[SourceTitle "EXT 2005"]
[Source "ChessBase"]
[SourceDate "2004.11.15"]
[SourceVersion "1"]
[SourceVersionDate "2004.11.15"]
[SourceQuality "1"]

1. e4 c5 2. Nf3 a6 3. d4 cxd4 4. Nxd4 e5 5. Nb3 Nf6 6. Bg5 Bb4+ 7. Nc3 Qc7 8. Qd3 Nxe4 9. Qxe4 Bxc3+ 10. bxc3 Qxc3+ 11. Bd2 Qc7 12. Bd3 Nc6 13. 0-0 g6 14. Qh4 Qd6 15. Rad1 b5 16. Be3 Qe7 17. Bg5 Qb4 18. Qg3 d6 19. Qf3 Bd7 20. Be4 Rc8 21. Qf6 1-0

[Event "Hohenloher op 10th"]
[Site "Forchtenberg"]
[Date "2003.06.21"]
[Round "6"]
[White "Riedel, Wolfram"]
[Black "Dimitrijevic, Slobodan"]
[Result "0-1"]
[WhiteElo "1400"]
[BlackElo "1662"]
[PlyCount "66"]
[EventDate "2003.06.19"]
[EventType "swiss"]
[EventRounds "7"]
[EventCountry "GER"]
[SourceTitle "EXT 2004"]
[Source "ChessBase"]
[SourceDate "2003.11.25"]
[SourceVersion "1"]
[SourceVersionDate "2003.11.25"]
[SourceQuality "1"]

1. d4 Nf6 2. c4 d5 3. Nc3 e6 4. a3 c6 5. Bf4 Nh5 6. Bxb8 Rxb8 7. e3 Nf6 8. Nf3 Bd6 9. Be2 Qc7 10. c5 Be7 11. 0-0 b6 12. Na4 bxc5 13. dxc5 Nd7 14. Ne5 Qxe5 15. Nc3 Nxc5 16. g3 0-0 17. Na4 Nxa4 18. Qxa4 Rxb2 19. Rfe1 Rxe2 20. Rxe2 Qxa1+ 21. Kg2 Qxa3 22. Qg4 Qb4 23. f4 e5 24. Qf3 exf4 25. Qxf4 Qxf4 26. gxf4 Bf5 27. Kf3 Be4+ 28. Kf2 a5 29. Ra2 Bb4 30. h4 c5 31. Rc2 c4 32. Rc1 c3 33. Rd1 c2 0-1